01091nam a2200301 a 4500999001700000001000800017003000400025005001700029008004100046010001700087020001500104040001300119050002200132082001500154245011300169250001200282260004200294300006500336504005100401650003000452650001300482650003600495700002800531700003000559906004500589942003300634952012200667 c17549d175494402856OSt20161128091929.0920423s1992 mouaf b 001 0 eng  a 92150363  a0801660513 aDLCcDLC00aRB113b.P363 199200a616.0722000aPathophysiology :bclinical concepts of disease processes /cSylvia Anderson Price, Lorraine McCarty Wilson. a4th ed. aSt. Louis :bMosby-Year Book,cc1992. axiv, 1137 p., [4] p. of plates :bill. (some col.) ;c29 cm. aIncludes bibliographical references and index. 0aPhysiology, Pathological. 0aNursing. 2aPathologyxnurses' instruction.1 aPrice, Sylvia Anderson.1 aWilson, Lorraine McCarty. a7bcbccorignewd2encipf19gy-gencatlg 2lcccBOOKShRB 113 .A53 1992 00102lcc4070aMUCbMUCcGENd2016-11-28eDonation (BFA)l0oRB 113 .A53 1992p28432r2019-06-06w2016-11-28yBOOKS